书目信息 |
| 题名: |
圆明园遗址风光
|
|
| 作者: | 刘继文 摄影 | |
| 分册: | ||
| 出版信息: | 北京 北京体育大学出版社 2002 |
|
| 页数: | 130页 | |
| 开本: | 19×21cm | |
| 丛书名: | ||
| 单 册: | ||
| 中图分类: | K928.73-64 | |
| 科图分类: | ||
| 主题词: | 圆明园--简介--摄影集 , 圆明园 | |
| 电子资源: | ||
| ISBN: | 7-81051-703-1 | |
| 000 | 00945nam0 2200253 450 | |
| 001 | 1234384110 | |
| 005 | 20121013093335.93 | |
| 010 | @a7-81051-703-1@dCNY50.00 | |
| 100 | @a20021023d2002 em y0chiy0110 ea | |
| 101 | 0 | @achi@aeng |
| 102 | @aCN@b110000 | |
| 105 | @aa z 000yy | |
| 200 | 1 | @a圆明园遗址风光@Ayuan ming yuan yi zhi feng guang@e[摄影集]@e[中英文本]@f刘继文摄 |
| 210 | @a北京@c北京体育大学出版社@d2002 | |
| 215 | @a130页@d19×21cm | |
| 314 | @a刘继文(1966~),生于北京,圆明园管理处首席摄影师,《百姓摄影》副会长。摄有《圆明园遗址风光》等。 | |
| 330 | @a本书以摄影集的形式介绍了圆明园的风景名胜古迹,其中包括杏花春馆、长春仙馆、文源阁、苏堤春晓、平湖秋月、狮子林、问月楼等景观。 | |
| 510 | 1 | @aUnique Sights of Yuanmingyuan Park@zeng |
| 606 | 0 | @a圆明园@x简介@j摄影集 |
| 606 | 0 | @a圆明园 |
| 690 | @aK928.73-64@v4 | |
| 701 | 0 | @a刘继文@Aliu ji wen@4摄影 |
| 801 | 0 | @aCN@bNLC@c20101222 |
| 905 | @a10447@dK928.73-64@eJY46 | |
| 圆明园遗址风光:[摄影集]:[中英文本]/刘继文摄.-北京:北京体育大学出版社,2002 |
| 130页;19×21cm |
| ISBN 7-81051-703-1:CNY50.00 |
| 本书以摄影集的形式介绍了圆明园的风景名胜古迹,其中包括杏花春馆、长春仙馆、文源阁、苏堤春晓、平湖秋月、狮子林、问月楼等景观。 |
| ● |
| 相关链接 |
|
|
|
|
正题名:圆明园遗址风光
索取号:K928.73-64/JY46
 
预约/预借
| 序号 | 登录号 | 条形码 | 馆藏地/架位号 | 状态 | 备注 |
| 1 | 7825948 | 278259484 | 学院路分馆/ [索取号:K928.73-64/JY46] | 在馆 | |
| 2 | 7825949 | 278259493 | 学院路分馆/ [索取号:K928.73-64/JY46] | 在馆 |